000 00665nam a2200217Ii 4500
003 JO-AjNU
008 230605s9999||||xx |||||||||||||| ||und||
017 _a91/2361
020 _a977-03-0057-8
040 _aJO-AjNU
_bara
_erda
_cJO-AjNU
041 _aara
050 1 4 _aSB211.P8 1991
100 3 _aاسماعيل ، زكريا ابراهيم,
_eauthor
_936275
245 0 0 _aمحصول البطاطس
264 3 1 _aالقاهرة:دار المعارف، 1991
300 _a314ص
336 _atext
_btxt
_2rdacontent
337 _aunmediated
_bn
_2rdamedia
338 _avolume
_bnc
_2rdacarrier
650 4 _aالبطاطس-زراعة-خضروات
_936276
999 _aA15056
_c18624
_d18624